Welcome to the Holygrace Academy Library

Please use search bar below to get started

MANOBHAVAM ATHALLE ELLAM- ATTTITTUDE IS EVERYTHING (Record no. 8582)

MARC details
000 -LEADER
fixed length control field 00758nam a22001577a 4500
020 ## - INTERNATIONAL STANDARD BOOK NUMBER
ISBN 978-93-5549-866-3
082 ## - DEWEY DECIMAL CLASSIFICATION NUMBER
Classification number 894.812
Item number KEL/M
100 ## - MAIN ENTRY--AUTHOR NAME
Personal name KELLER, JEFF
245 ## - TITLE STATEMENT
Title MANOBHAVAM ATHALLE ELLAM- ATTTITTUDE IS EVERYTHING
246 ## - VARYING FORM OF TITLE
Title proper/short title MANOBHAVAM ATHALLE ELLAM- ATTTITTUDE IS EVERYTHING
Remainder of title MANOBHAVAM ATHALLE ELLAM- ATTTITTUDE IS EVERYTHING
260 ## - PUBLICATION, DISTRIBUTION, ETC. (IMPRINT)
Place of publication KOTTAYAM, INDIA
Name of publisher MATHRUBHUMI
Year of publication 2023
300 ## - PHYSICAL DESCRIPTION
Number of Pages 191
520 ## - SUMMARY, ETC.
Summary, etc The key message hidden in this book is the road to a happier, more successful life starts with your attitude and when the attitude is under your control. In this book Jeff Keller shows us how to take control and unleash our hidden potential through three decisive steps think, speak and act.
650 ## - SUBJECT ADDED ENTRY--TOPICAL TERM
Topical Term SELF STUDY
942 ## - ADDED ENTRY ELEMENTS (KOHA)
Koha item type Books
Holdings
Withdrawn status Lost status Collection code Home library Current library Shelving location Date acquired Source of acquisition Cost, normal purchase price Full call number Accession Number Koha item type
    Non-fiction Main Library Main Library NEW SHELF WITH NEW ENTRY 26/10/2023 PURCHASED 290.00 894.812 KEL/M 13195 Books